00443cam a2200121 i 4500020001800000082001200018100002600030245015100056260002800207300003900235650002200274650002500296 a9789556715057 a920 WIJ1 aWijesekera, R. O. B.,10aClouds are not spheres, nor mountains cones :a scientist's personal kaleidoscopic story of professional and family life in an international milieu aColombobSarasavic2012 axxii, 422 pages :billustrations ; 0aMedical botanists 0aScientists,biography